[Event "Moscow Petrosian Memorial op"]
[Site "Moscow"]
[Date "2015.01.12"]
[Round "9"]
[White "Borisova, Ekaterina"]
[Black "Kharitonov, Ivan"]
[Result "1-0"]
[WhiteElo "1928"]
[BlackElo "1738"]
[PlyCount "49"]
[EventDate "2015.01.04"]
[EventType "swiss"]
[EventRounds "9"]
[EventCountry "RUS"]
[SourceTitle "CBM 164 Extra"]
[Source "ChessBase"]
[SourceDate "2015.03.02"]
[SourceVersion "1"]
[SourceVersionDate "2015.03.02"]
[SourceQuality "1"]

1. e4 c5 2. Nf3 e6 3. d4 cxd4 4. Nxd4 a6 5. Nc3 Qc7 6. a3 Nf6 7. Be2 b5 8. Bg5 Be7 9. Qd3 Bb7 10. 0-0 d6 11. Rad1 0-0 12. Be3 Nbd7 13. f4 Nc5 14. Qd2 Nfxe4 15. Qe1 Nxc3 16. Qxc3 Rac8 17. Qe1 Na4 18. f5 e5 19. f6 exd4 20. Bxd4 Qxc2 21. Rd3 Bd8 22. Qg3 g6 23. Qe3 Kh8 24. Qh6 Rg8 25. Qxh7+ 1-0

[Event "Moscow Petrosian Memorial op"]
[Site "Moscow"]
[Date "2015.01.11"]
[Round "8"]
[White "Kharitonov, Ivan"]
[Black "Bagdasarov, Eduard1"]
[Result "1/2-1/2"]
[WhiteElo "1738"]
[BlackElo "1928"]
[PlyCount "71"]
[EventDate "2015.01.04"]
[EventType "swiss"]
[EventRounds "9"]
[EventCountry "RUS"]
[SourceTitle "CBM 164 Extra"]
[Source "ChessBase"]
[SourceDate "2015.03.02"]
[SourceVersion "1"]
[SourceVersionDate "2015.03.02"]
[SourceQuality "1"]

1. d4 Nf6 2. Nf3 e6 3. Nbd2 d5 4. e3 Nbd7 5. Bd3 b6 6. 0-0 Bb7 7. c4 Be7 8. b3 0-0 9. Bb2 Ne4 10. Qc2 f5 11. cxd5 exd5 12. Ne5 Nxe5 13. dxe5 c5 14. f3 Nxd2 15. Qxd2 Rc8 16. Qc2 g6 17. Rad1 Rc6 18. Bc4 Re6 19. Qe2 Qa8 20. Bb5 Bc6 21. Bd3 Rd8 22. e4 c4 23. bxc4 dxe4 24. fxe4 fxe4 25. Qg4 Bc5+ 26. Kh1 Re7 27. Bc2 e3 28. Rxd8+ Qxd8 29. Bxg6 Bxg2+ 30. Qxg2 hxg6 31. Qxg6+ Rg7 32. Qe6+ Kh7 33. Qh3+ Kg8 34. Qe6+ Kh7 35. Qh3+ Kg8 36. Qe6+ 1/2-1/2

[Event "Moscow Petrosian Memorial op"]
[Site "Moscow"]
[Date "2015.01.07"]
[Round "4"]
[White "Kharitonov, Ivan"]
[Black "Kozenets, Alla"]
[Result "1-0"]
[WhiteElo "1738"]
[BlackElo "1455"]
[PlyCount "55"]
[EventDate "2015.01.04"]
[EventType "swiss"]
[EventRounds "9"]
[EventCountry "RUS"]
[SourceTitle "CBM 164 Extra"]
[Source "ChessBase"]
[SourceDate "2015.03.02"]
[SourceVersion "1"]
[SourceVersionDate "2015.03.02"]
[SourceQuality "1"]

1. d4 Nf6 2. Nf3 c5 3. c3 e6 4. Nbd2 d5 5. e3 Be7 6. Bd3 0-0 7. 0-0 Nc6 8. Qe2 a6 9. b3 b5 10. Bb2 c4 11. Bc2 Bb7 12. b4 Nd7 13. e4 f5 14. exd5 exd5 15. Qe6+ Rf7 16. Qxd5 Nxb4 17. Qxb7 Nxc2 18. Rac1 Na3 19. Rfe1 Bf8 20. Ng5 Re7 21. Rxe7 Bxe7 22. Qd5+ Kh8 23. Nf7+ Kg8 24. Nxd8+ Kh8 25. Nf7+ Kg8 26. Nh6+ Kh8 27. Qg8+ Rxg8 28. Nf7# 1-0

[Event "EU-ch U12 24th"]
[Site "Batumi"]
[Date "2014.10.23"]
[Round "5"]
[White "Aladag, Yigit Dogan"]
[Black "Kharitonov, Ivan"]
[Result "0-1"]
[WhiteElo "1396"]
[BlackElo "1814"]
[PlyCount "61"]
[EventDate "2014.10.19"]
[EventType "swiss"]
[EventRounds "9"]
[EventCountry "GEO"]
[SourceTitle "EXT 2016"]
[Source "ChessBase"]
[SourceDate "2015.10.08"]
[SourceVersion "1"]
[SourceVersionDate "2015.10.08"]
[SourceQuality "1"]

1. Nf3 Nf6 2. c4 g6 3. g3 Bg7 4. Bg2 0-0 5. 0-0 d6 6. Nc3 e5 7. d3 Nbd7 8. Bd2 c6 9. Qc1 Nh5 10. b4 f5 11. Rb1 f4 12. b5 c5 13. a4 h6 14. Nh4 g5 15. Bd5+ Kh7 16. Be4+ Kg8 17. Ng6 Re8 18. Bd5+ Kh7 19. Bf7 Ndf6 20. e4 Qd7 21. Bxe8 Qh3 22. Nf8+ Bxf8 23. Bxh5 Qxh5 24. f3 g4 25. Qd1 gxf3 26. Qxf3 Bg4 27. Qf2 Be7 28. Nd5 Nxd5 29. exd5 Be2 30. Rfe1 Bxd3 31. Rbc1 0-1

[Event "EU-ch U12 23rd"]
[Site "Budva"]
[Date "2013.10.05"]
[Round "6"]
[White "Fakhrutdinov, Timur"]
[Black "Kharitonov, Ivan"]
[Result "1-0"]
[WhiteElo "2126"]
[BlackElo "1784"]
[PlyCount "83"]
[EventDate "2013.09.29"]
[EventType "swiss"]
[EventRounds "9"]
[EventCountry "MNE"]
[SourceTitle "EXT 2014"]
[Source "ChessBase"]
[SourceDate "2013.11.20"]
[SourceVersion "1"]
[SourceVersionDate "2013.11.20"]
[SourceQuality "1"]

1. e4 e6 2. d4 d5 3. Nd2 dxe4 4. Nxe4 Nd7 5. Nf3 Ngf6 6. Nxf6+ Nxf6 7. Bd3 Be7 8. 0-0 0-0 9. c4 b6 10. b3 Bb7 11. Bb2 c5 12. dxc5 Bxc5 13. Ne5 Qe7 14. Qc2 Ba3 15. Rad1 Bxb2 16. Qxb2 Rfd8 17. Qe2 Nd7 18. Nf3 Qf6 19. Be4 Bxe4 20. Qxe4 Nc5 21. Qe5 Qe7 22. Nd4 Rac8 23. Rfe1 f6 24. Qg3 e5 25. Nf5 Qf8 26. Ne3 Nd3 27. Rf1 Nf4 28. Qf3 Rxd1 29. Rxd1 Rd8 30. Rxd8 Qxd8 31. g3 Nh3+ 32. Kg2 Ng5 33. Qb7 a6 34. Qxa6 e4 35. Qb7 Qe8 36. Qd5+ Kh8 37. Nf5 Qc8 38. h4 Nf3 39. Nd6 Ne1+ 40. Kf1 Qh3+ 41. Kxe1 Qh1+ 42. Kd2 1-0

[Event "EU-ch U10"]
[Site "Prague"]
[Date "2012.08.24"]
[Round "8"]
[White "Kharitonov, Ivan"]
[Black "Lagarde, Dimitri"]
[Result "1/2-1/2"]
[WhiteElo "1747"]
[BlackElo "1852"]
[PlyCount "97"]
[EventDate "2012.08.17"]
[EventType "swiss"]
[EventRounds "9"]
[EventCountry "CZE"]
[SourceTitle "CBM 150 Extra"]
[Source "ChessBase"]
[SourceDate "2012.10.19"]
[SourceVersion "1"]
[SourceVersionDate "2012.10.19"]
[SourceQuality "1"]

1. d4 Nf6 2. Nf3 e6 3. g3 d5 4. Bg2 b6 5. 0-0 Bb7 6. c4 Be7 7. Nbd2 0-0 8. b3 Nbd7 9. Bb2 c5 10. e3 Rc8 11. Rc1 Rc7 12. Rc2 Qa8 13. Qe2 Rd8 14. Rfc1 Rcc8 15. Ne1 Nf8 16. Nd3 dxc4 17. Bxb7 cxd3 18. Qf3 Qb8 19. Bxc8 dxc2 20. Bb7 cxd4 21. Bxd4 e5 22. Bc3 Qc7 23. Rxc2 Rxd2 24. Rxd2 Qxc3 25. Qd1 h6 26. Bg2 Ne6 27. Bh3 Ng5 28. Bg2 Ne6 29. Bh3 Nc5 30. Rd8+ Kh7 31. Rd2 g6 32. Rc2 Qb4 33. Rc4 Qb5 34. Bf1 Qe8 35. Bg2 Qc8 36. Qc2 b5 37. Rc3 b4 38. Rc4 a5 39. Qd2 Qf5 40. Rc1 Nce4 41. Bxe4 Nxe4 42. Qc2 Nc3 43. Qxf5 gxf5 44. Kf1 Kg6 45. Ke1 e4 46. Kd2 Kg5 47. h3 Kf6 48. a3 Bc5 49. a4 1/2-1/2

[Event "EU-ch U10"]
[Site "Prague"]
[Date "2012.08.23"]
[Round "7"]
[White "Shevchenko, Kirill"]
[Black "Kharitonov, Ivan"]
[Result "1-0"]
[WhiteElo "1946"]
[BlackElo "1747"]
[PlyCount "71"]
[EventDate "2012.08.17"]
[EventType "swiss"]
[EventRounds "9"]
[EventCountry "CZE"]
[SourceTitle "CBM 150 Extra"]
[Source "ChessBase"]
[SourceDate "2012.10.19"]
[SourceVersion "1"]
[SourceVersionDate "2012.10.19"]
[SourceQuality "1"]

1. e4 e6 2. d3 d5 3. Nd2 Ne7 4. Ngf3 c5 5. g3 Nbc6 6. Bg2 b6 7. 0-0 Bb7 8. Re1 Qc7 9. Qe2 h6 10. Nf1 Ba6 11. exd5 Nxd5 12. c4 Nf6 13. Ne5 Nd4 14. Qd1 Bb7 15. Qa4+ Nd7 16. Nxd7 Bxg2 17. Nf6+ Ke7 18. Kxg2 gxf6 19. Ne3 Qb7+ 20. Kh3 Nf3 21. Nd5+ Kd8 22. Bf4 b5 23. Qa5+ Kc8 24. Re3 Ng5+ 25. Kh4 Bg7 26. Nc7 Qg2 27. Qa6+ Kd8 28. Qd6+ Kc8 29. Qa6+ Kd8 30. Qd6+ Kc8 31. g4 Qxf2+ 32. Kh5 Nf3 33. Qa6+ Kd8 34. Nxe6+ fxe6 35. Qd6+ Kc8 36. Qc7# 1-0